Applied stochastic processes / (Record no. 29756)

000 -LEADER
fixed length control field 00599 a2200193 4500
020 ## - INTERNATIONAL STANDARD BOOK NUMBER
International Standard Book Number 0387341714
020 ## - INTERNATIONAL STANDARD BOOK NUMBER
International Standard Book Number 9780387341712
082 ## - DEWEY DECIMAL CLASSIFICATION NUMBER
Classification number 519.23
090 ## - LOCALLY ASSIGNED LC-TYPE CALL NUMBER (OCLC); LOCAL CALL NUMBER (RLIN)
-- 1142
-- 1142
100 1# - MAIN ENTRY--PERSONAL NAME
Personal name Lefebvre, Mario.
245 10 - TITLE STATEMENT
Title Applied stochastic processes /
Statement of responsibility, etc. Mario Lefebvre.
260 ## - PUBLICATION, DISTRIBUTION, ETC.
Place of publication, distribution, etc. [S.l.] :
Name of publisher, distributor, etc. Springer,
Date of publication, distribution, etc. 2007.
300 ## - PHYSICAL DESCRIPTION
Extent 395 p. ;
Dimensions 23 cm.
490 1# - SERIES STATEMENT
Series statement Universitext.
700 ## - ADDED ENTRY--PERSONAL NAME
Personal name Lefebvre, Mario.
830 #0 - SERIES ADDED ENTRY--UNIFORM TITLE
Uniform title Universitext.
942 ## - ADDED ENTRY ELEMENTS (KOHA)
Institution code [OBSOLETE] SNS
Koha item type Book
Call number prefix 519.23 LEF
Holdings
Withdrawn status Lost status Damaged status Not for loan Permanent Location Current Location Date acquired Total Checkouts Full call number Barcode Date last seen Price effective from Koha item type
        School of Natural Sciences (SNS) School of Natural Sciences (SNS) 05/26/2016   519.23 LEF SNS0001650 05/26/2016 05/26/2016 Book
© 2023 Central Library, National University of Sciences and Technology. All Rights Reserved.